| 000 | 00821nam a22002177a 4500 | ||
|---|---|---|---|
| 003 | 0 | ||
| 005 | 20250830132050.0 | ||
| 008 | 250830b xxu||||| |||| 00| 0 eng d | ||
| 020 | _a978-1-032-53175-5 | ||
| 050 |
_aHD 6475 _b.R83 2024 |
||
| 100 |
_aRueckert, Yvonne, _eauthor. |
||
| 245 |
_aEmployment relations and global governance : _bthe dialogue between the global unions and the IFIs / _cYvonne Rueckert. |
||
| 260 |
_aNew York, NY : _bRoutledge, _c2024. |
||
| 300 |
_axv, 224 pages : _billustrations ; _c23 cm. |
||
| 504 | _aIncludes bibliographical references and index. | ||
| 650 |
_aLabor unions _xInternational cooperation. |
||
| 650 |
_aIndustrial relations _xInternational cooperation. |
||
| 650 |
_aInternational agencies _xDecision making. |
||
| 650 |
_aGlobalization _xEconomic aspects. |
||
| 942 |
_2lcc _cBK |
||
| 999 |
_c367718 _d367718 |
||